000 00431nam a22001457a 4500
005 20141106135958.0
008 141106b xxu||||| |||| 00| 0 eng d
050 _aHF 5734.5
_b.K52 2010
100 _aKing, David.
245 _aMeetings /
_cDavid King.
260 _aSingapore :
_bCENGAGE Learning,
_cc2010.
300 _a64 pages :
_billustrations ;
_c28 cm.
_e+1 audio CD (4 3/4 in)
650 _aMeetings.
942 _2lcc
_cBK
_kFOR
999 _c276714
_d276714